| 000 | 00000nam 2200000za 4500 |
| 001 | 9.832846 |
| 003 | CaOODSP |
| 005 | 20221107150059 |
| 007 | cr ||||||||||| |
| 008 | 170222t2017 onc o f000 0 fre d |
| 020 | |a978-0-660-07719-2 |
| 040 | |aCaOODSP|bfre |
| 043 | |an-cn--- |
| 086 | 1 |aCW69-14/741-2017F-PDF |
| 245 | 00|aÉvaluation et rapport de situation du COSEPAC sur le Criquet des Îles-de-la-Madeleine, Melanoplus madeleineae, au Canada |h[ressource électronique]. |
| 246 | 15|aRapport de situation du COSEPAC sur le Criquet des Îles-de-la-Madeleine, Melanoplus madeleineae, au Canada |
| 260 | |aOttawa : |bEnvironnement et Changement climatique Canada, |c2017, c2016. |
| 300 | |axi, 49 p. : |bfigures. |
| 500 | |aPubl. aussi en anglais sous le titre : COSEWIC assessment and status report on the Magdalen Islands Grasshopper, Melanoplus madeleineae, in Canada. |
| 500 | |aTitre de la couv. |
| 500 | |a« Préoccupante, 2016. » |
| 500 | |a« Le COSEPAC remercie Cory S. Sheffield et Jennifer Heron d’avoir rédigé le rapport de situation sur le criquet des Îles-de-la-Madeleine, Melanoplus madeleineae, au Canada, aux termes d’un marché conclu avec Environnement Canada. La supervision et la révision du rapport ont été assurées par Paul Grant, coprésident du Sous-comité des spécialistes des arthropodes du COSEPAC. » |
| 692 | 07|2gccst|aEspèce menacée |
| 692 | 07|2gccst|aConservation de la nature |
| 692 | 07|2gccst|aInsecte |
| 700 | 1 |aSheffield, Cory Silas,|d1971- |
| 700 | 1 |aGrant, Paul|c(Entomologiste) |
| 700 | 1 |aHeron, Jennifer. |
| 710 | 2 |aComité sur la situation des espèces en péril au Canada. |
| 710 | 1 |aCanada. |bEnvironnement et changement climatique Canada. |
| 710 | 2 |aService canadien de la faune. |
| 775 | 08|tCOSEWIC assessment and status report on the Magdalen Islands Grasshopper, Melanoplus madeleineae, in Canada |w(CaOODSP)9.832844 |
| 856 | 40|qPDF|s3.30 Mo|uhttps://publications.gc.ca/collections/collection_2017/eccc/CW69-14-741-2017-fra.pdf |